Регионална библиотека "Любен Каравелов" - Русе

Гръцки език (Запис номер 95806)

MARC детайли
000 -Лидер
Контролно поле с фиксирана дължина 01456nam a2200361 c 4500
003 - Код на организацията, давaща контролен номер
Контролно поле BLK
005 - Дата и час на последна редакция
Контролно поле 20180422105016.0
008 - Елементи от данни с фиксирана дължина
fixed length control field 180409b bul|||||r ||||||| ||bul||
010 ## - Наследен системен номер
LC control number KNG00100684000
020 ## - Международен стандартен номер на книга ISBN
Международен стандартен номер на книга ISBN 954-8805-12-Х
-- издат.: Грамма
040 ## - Източник на каталожния запис
Идентификатор на билиотеката - собственик на записа BLK
041 ## - Код за език
Код за езика на текст/звукозапис или на отделно заглавие Гръцки
Код за езика КДБФ Други
Други езици Български
080 ## - УДК
Текстов определител УДК Новогръцки език
УДК код - определител по УДК 811.146
УДК определител (075.4)
УДК - код + определител 811.146(075.4)
100 1# - Редна дума - Автор
Автор Първанов, Панайот Стефанов
Авторска отговорност първи автор
R(LIN) 366264
139 ## - Редно поле
Редна дума Първанов, Панайот Стефанов
Авторски знак Пър - П 97
245 10 - Сведения за заглавието
Заглавие Гръцки език
Подзаглавни данни Самоучител в диалози
Редно поле (дума) Панайот Стефанов Първанов.
246 11 - Различни форми на заглавието
Паралелно заглавие Та nea еллнniка : Yia vulgarus
250 ## - Област на изданието
Сведения за изданието 2. прераб. изд.
257 ## - Страна на издаване
Страна на създаване/издаване България
260 ## - Област на издателските данни
-- Плевен
Име на издателя, разпространителя и проч. Грамма
Година на издаване 1997
Печатница В. Търново : Абагар
300 ## - Физическа характеристика
Страници 248 с.
Размери/Мащаб 21 см
Съпровождащи материали 2 аудиокасети
380 ## - Жанр
Жанр Езикознание. Филология
500 ## - Общи забележки
Забележка 1. изд. 1992 на авт. - Касети с № 1842 ; 1843.
650 #4 - Допълнително описание по предмет – тема
Основно описание – тема или топоним Гръцки език - учебни помагала
9 (RLIN) 250811
653 ## - Ключова дума – ненормативна
Ключова дума гръцки език
653 ## - Ключова дума – ненормативна
Ключова дума учебници за самообразование
653 ## - Ключова дума – ненормативна
Ключова дума самоучители в диалози
852 ## - Местоположение
Форматна сигнатура Цб 211026
856 4# - Електронен адрес и достъп
Електронен формат pdf - файл
Път до файла /url/
856 4# - Електронен адрес и достъп
Електронен формат pdf - файл
Път до файла /url/
942 ## - АРТИКУЛИ
Вид на библиотечния материал Книги
Скрит в OPAC Не
944 ## - СЪЗДАВАНЕ И РЕДАКЦИЯ на ЗАПИСА
Създаване/Редакция Създаване
Дата на регистрацията/редакция 01.01.1999
Служител, извършил регистрацията/редакцията Людмила_Стоянова
944 ## - СЪЗДАВАНЕ И РЕДАКЦИЯ на ЗАПИСА
Създаване/Редакция Редакция
Дата на регистрацията/редакция 06.10.2017
Служител, извършил регистрацията/редакцията Людмила_Стоянова
999 ## - СИСТЕМНИ КОНТРОЛНИ НОМЕРА
Koha biblionumber 95806
Koha biblioitemnumber 95806
Наличности
Код за отписване Код за изгубен артикул Код за повреда Коз за рестрикции Код за отдаване Артикулен № Име на библиотеката - собственик Име на библиотеката, в която се намира в момента Статус (Текущо местоположение) Дата на вписване в системата Местоположение - отдел Цена в лева Инвентарен номер Систематично азбучна сигнатура Баркод Номер на екземпляра Цена в евро Служебна бележка Служебен тип на артикула Източник на класификационната схема
  Не е изгубен Не е повреден без рестрикции заемане за дома 153746 Регионална библиотека "Любен Каравелов" Русе Регионална библиотека "Любен Каравелов" Русе ЧЧЗО - англ. ез. - Британски съвет 2002-03-19 ЧЧЗО - англ. ез. - Британски съвет 5.00 120000669120 Ч3 802/809/П 97 120000669120 1 2.56 Дост: Pk Вид: Ф N: 6 Дата: 18.03.2002 Дата инв: 20.03.2015 Бележки инв: Ч32015 Книги  
  Не е изгубен Не е повреден само за читалня ползва се в читалня 926759 Регионална библиотека "Любен Каравелов" Русе Регионална библиотека "Любен Каравелов" Русе Хранилище 2023-04-05 Основен фонд - ползва се само за читалня 12.00 120000885955 Цб 317287 120000885955   6.14   Книги Universal Decimal Classification
Vip Innovations Ltd, Rousse, Bulgaria 2025